Estudios sobre la reforma del senado /

Uloženo v:
Podrobná bibliografie
Hlavní autor: Alonso de Antonio, José Antonio (autor)
Médium: Kniha
Jazyk:španělština
Vydáno: Madrid, España : edición de autor, 1999, c1999
Témata:
Tagy: Přidat tag
Žádné tagy, Buďte první, kdo vytvoří štítek k tomuto záznamu!

MARC

LEADER 00000nam^a2200000^a^4500
001 000146954
005 20250521000000.0
009 20260310095929.855
020 |a 84-605-8542-5 
037 |a Acervo ITESO - Biblioteca 
041 |a ESP 
082 |a 328. 310946  |b ALO 
100 |a Alonso de Antonio, José Antonio  |e (autor) 
245 1 0 |a Estudios sobre la reforma del senado /  |c J.A. Alonso de Antonio. 
264 4 |a Madrid, España :  |b edición de autor,  |c 1999, c1999 
300 |a 247 p. 
336 |a texto  |b txt  |2 rdacontenido 
337 |a sin mediación  |b n  |2 rdamedio 
338 |a volumen  |b nc  |2 rdasoporte 
649 |a XX 
650 |a Cámara de Senadores -  |z España 
650 |a Poder Legislativo -  |z España 
650 |a Estado, El -  |z España 
650 |a Reforma Jurídica -  |z España 
650 |a Reforma Constitucional -  |z España 
650 |a Derecho Constitucional 
650 |a Derecho Público 
910 |a Fondo General 
920 |a Impresos - Libros 
930 |a Colección General 
905 |a 101 
901 |a 0500075720  |b IT1  |c ACC  |u 20250521 
902 |a https://opac.biblio.iteso.mx/vufind/Record/000146954